| 000 | 00453nam a2200157Ia 4500 | ||
|---|---|---|---|
| 008 | 220530s9999 xx 000 0 und d | ||
| 020 | _a9789325971585 | ||
| 041 | _aeng | ||
| 082 |
_a5 _bROU |
||
| 100 |
_aRout, Susant K. _958561 |
||
| 245 |
_aTips and Tricks On C Programming _bA Quick Guide on How to Crack Interviews |
||
| 250 | _a2nd Edition | ||
| 260 |
_aNoida (UP) _bVikas Publishing House _c2014 |
||
| 300 |
_aXV; 120 P. _bPB |
||
| 906 |
_a22 _bCOMP |
||
| 999 |
_c52674 _d52674 |
||